<?xml version="1.0" encoding="UTF-8"?>
<marc:record xmlns:marc="http://www.loc.gov/MARC21/slim">
   <marc:leader>00000nam a2200000 a 4500</marc:leader>
   <marc:datafield ind1=" " ind2=" " tag="653">
      <marc:subfield code="a">Reiseführer Prag</marc:subfield>
   </marc:datafield>
   <marc:datafield ind1=" " ind2=" " tag="653">
      <marc:subfield code="a">Prag Reiseführer</marc:subfield>
   </marc:datafield>
   <marc:datafield ind1=" " ind2=" " tag="653">
      <marc:subfield code="a">Reiseführer Prag 2020</marc:subfield>
   </marc:datafield>
   <marc:datafield ind1=" " ind2=" " tag="653">
      <marc:subfield code="a">Prag Reiseführer 2020</marc:subfield>
   </marc:datafield>
   <marc:datafield ind1=" " ind2=" " tag="653">
      <marc:subfield code="a">Prag Sehenswürdigkeiten</marc:subfield>
   </marc:datafield>
   <marc:datafield ind1=" " ind2=" " tag="653">
      <marc:subfield code="a">Sehenswürdigkeiten Prag</marc:subfield>
   </marc:datafield>
   <marc:datafield ind1=" " ind2=" " tag="653">
      <marc:subfield code="a">Prag Urlaub</marc:subfield>
   </marc:datafield>
   <marc:datafield ind1=" " ind2=" " tag="653">
      <marc:subfield code="a">Prag Tipps</marc:subfield>
   </marc:datafield>
   <marc:datafield ind1=" " ind2=" " tag="653">
      <marc:subfield code="a">Urlaub in Prag</marc:subfield>
   </marc:datafield>
   <marc:datafield ind1=" " ind2=" " tag="653">
      <marc:subfield code="a">Reise nach Prag</marc:subfield>
   </marc:datafield>
   <marc:datafield ind1=" " ind2=" " tag="653">
      <marc:subfield code="a">Prag Reise</marc:subfield>
   </marc:datafield>
   <marc:datafield ind1=" " ind2=" " tag="653">
      <marc:subfield code="a">Wochenende in Prag</marc:subfield>
   </marc:datafield>
   <marc:datafield ind1=" " ind2=" " tag="653">
      <marc:subfield code="a">Prag Wochenende</marc:subfield>
   </marc:datafield>
   <marc:datafield ind1=" " ind2=" " tag="653">
      <marc:subfield code="a">Sightseeing Prag</marc:subfield>
   </marc:datafield>
   <marc:datafield ind1=" " ind2=" " tag="653">
      <marc:subfield code="a">welcher Reiseführer für Prag</marc:subfield>
   </marc:datafield>
   <marc:datafield ind1=" " ind2=" " tag="653">
      <marc:subfield code="a">bester Reiseführer Prag</marc:subfield>
   </marc:datafield>
   <marc:datafield ind1=" " ind2=" " tag="653">
      <marc:subfield code="a">Reiseführer Empfehlung Prag</marc:subfield>
   </marc:datafield>
   <marc:datafield ind1=" " ind2=" " tag="653">
      <marc:subfield code="a">wo ist Prag am schönsten</marc:subfield>
   </marc:datafield>
   <marc:datafield ind1=" " ind2=" " tag="653">
      <marc:subfield code="a">Prag interessante Orte</marc:subfield>
   </marc:datafield>
   <marc:datafield ind1=" " ind2=" " tag="653">
      <marc:subfield code="a">Kurztrip Prag</marc:subfield>
   </marc:datafield>
   <marc:datafield ind1=" " ind2=" " tag="653">
      <marc:subfield code="a">wohin in Prag</marc:subfield>
   </marc:datafield>
   <marc:datafield ind1=" " ind2=" " tag="653">
      <marc:subfield code="a">Wochenendreise Prag</marc:subfield>
   </marc:datafield>
   <marc:datafield ind1=" " ind2=" " tag="653">
      <marc:subfield code="a">Prag entdecken</marc:subfield>
   </marc:datafield>
   <marc:datafield ind1=" " ind2=" " tag="653">
      <marc:subfield code="a">Prag Reisetipps</marc:subfield>
   </marc:datafield>
   <marc:datafield ind1=" " ind2=" " tag="653">
      <marc:subfield code="a">Wochenendtrip Prag</marc:subfield>
   </marc:datafield>
   <marc:datafield ind1=" " ind2=" " tag="653">
      <marc:subfield code="a">was machen in Prag</marc:subfield>
   </marc:datafield>
   <marc:datafield ind1=" " ind2=" " tag="653">
      <marc:subfield code="a">Prag Geheimtipps</marc:subfield>
   </marc:datafield>
   <marc:datafield ind1=" " ind2=" " tag="653">
      <marc:subfield code="a">Städtereise Prag</marc:subfield>
   </marc:datafield>
   <marc:datafield ind1=" " ind2=" " tag="653">
      <marc:subfield code="a">Prag Sightseeing</marc:subfield>
   </marc:datafield>
   <marc:datafield ind1=" " ind2=" " tag="653">
      <marc:subfield code="a">Urlaub Prag</marc:subfield>
   </marc:datafield>
   <marc:datafield ind1=" " ind2=" " tag="653">
      <marc:subfield code="a">Shopping Prag</marc:subfield>
   </marc:datafield>
   <marc:datafield ind1=" " ind2=" " tag="653">
      <marc:subfield code="a">City Trip Prag</marc:subfield>
   </marc:datafield>
   <marc:datafield ind1=" " ind2=" " tag="653">
      <marc:subfield code="a">Städtetrip Prag</marc:subfield>
   </marc:datafield>
   <marc:datafield ind1=" " ind2=" " tag="653">
      <marc:subfield code="a">Stadtplan Prag</marc:subfield>
   </marc:datafield>
   <marc:datafield ind1=" " ind2=" " tag="653">
      <marc:subfield code="a">Städteführer Prag</marc:subfield>
   </marc:datafield>
   <marc:datafield ind1=" " ind2=" " tag="653">
      <marc:subfield code="a">City Plan Prag</marc:subfield>
   </marc:datafield>
   <marc:datafield ind1=" " ind2=" " tag="653">
      <marc:subfield code="a">Unterhaltung Prag</marc:subfield>
   </marc:datafield>
   <marc:datafield ind1=" " ind2=" " tag="653">
      <marc:subfield code="a">Stadtführer Prag</marc:subfield>
   </marc:datafield>
   <marc:datafield ind1=" " ind2=" " tag="653">
      <marc:subfield code="a">Karte Prag</marc:subfield>
   </marc:datafield>
   <marc:datafield ind1=" " ind2=" " tag="653">
      <marc:subfield code="a">Reiseführer Tschechien</marc:subfield>
   </marc:datafield>
   <marc:datafield ind1=" " ind2=" " tag="653">
      <marc:subfield code="a">wo ist Tschechien am schönsten</marc:subfield>
   </marc:datafield>
   <marc:datafield ind1=" " ind2=" " tag="653">
      <marc:subfield code="a">Urlaub in Tschechien</marc:subfield>
   </marc:datafield>
   <marc:datafield ind1=" " ind2=" " tag="653">
      <marc:subfield code="a">Altstadt Prag</marc:subfield>
   </marc:datafield>
   <marc:datafield ind1=" " ind2=" " tag="653">
      <marc:subfield code="a">Museen Prag</marc:subfield>
   </marc:datafield>
   <marc:datafield ind1=" " ind2=" " tag="653">
      <marc:subfield code="a">Neustadt Prag</marc:subfield>
   </marc:datafield>
   <marc:datafield ind1=" " ind2=" " tag="653">
      <marc:subfield code="a">Cityplan Prag</marc:subfield>
   </marc:datafield>
   <marc:datafield ind1=" " ind2=" " tag="653">
      <marc:subfield code="a">Prager Burg</marc:subfield>
   </marc:datafield>
   <marc:datafield ind1=" " ind2=" " tag="653">
      <marc:subfield code="a">Hradschin Prag</marc:subfield>
   </marc:datafield>
   <marc:datafield ind1=" " ind2=" " tag="653">
      <marc:subfield code="a">Reise Prag</marc:subfield>
   </marc:datafield>
   <marc:datafield ind1=" " ind2=" " tag="653">
      <marc:subfield code="a">Spaziergänge Prag</marc:subfield>
   </marc:datafield>
   <marc:datafield ind1=" " ind2=" " tag="653">
      <marc:subfield code="a">Prag reisen</marc:subfield>
   </marc:datafield>
   <marc:datafield ind1=" " ind2=" " tag="653">
      <marc:subfield code="a">Kleinseite Prag</marc:subfield>
   </marc:datafield>
   <marc:datafield ind1=" " ind2=" " tag="653">
      <marc:subfield code="a">City Guide Prag</marc:subfield>
   </marc:datafield>
   <marc:datafield ind1=" " ind2=" " tag="653">
      <marc:subfield code="a">Karlsbrücke Prag</marc:subfield>
   </marc:datafield>
   <marc:datafield ind1=" " ind2=" " tag="653">
      <marc:subfield code="a">Josefstadt Prag</marc:subfield>
   </marc:datafield>
   <marc:datafield ind1=" " ind2=" " tag="653">
      <marc:subfield code="a">Softcover / Reisen/Reiseführer/Europa</marc:subfield>
   </marc:datafield>
   <marc:datafield ind1="0" ind2="0" tag="245">
      <marc:subfield code="a">Vis-à-Vis Reiseführer Prag</marc:subfield>
   </marc:datafield>
   <marc:datafield ind1="0" ind2="0" tag="245">
      <marc:subfield code="b">mit Extra-Karte zum Herausnehmen</marc:subfield>
   </marc:datafield>
   <marc:datafield ind1=" " ind2="1" tag="264">
      <marc:subfield code="a">München</marc:subfield>
      <marc:subfield code="b">Dorling Kindersley Reiseführer</marc:subfield>
      <marc:subfield code="c">2020</marc:subfield>
   </marc:datafield>
   <marc:datafield ind1="1" ind2=" " tag="490">
      <marc:subfield code="a">Vis-à-Vis</marc:subfield>
   </marc:datafield>
   <marc:datafield ind1=" " ind2=" " tag="250">
      <marc:subfield code="a">18., aktualisierte Neuauflage 2020/2021</marc:subfield>
   </marc:datafield>
   <marc:datafield ind1="1" ind2=" " tag="520">
      <marc:subfield code="a">Angaben aus der Verlagsmeldung

Vis-à-Vis Reiseführer Prag : mit Extra-Karte zum Herausnehmen

Auf nach Prag – hier und jetzt beginnt Ihre Reise!

Die majestätische Pracht der gotischen Karlsbrücke bewundern, den Ausblick von der Prager Burg hoch über der Moldau genießen oder auf dem traumhaft schönen Altstädter Ring spazieren – Prag ist einfach magisch. Mit ausführlichem Expertenwissen, den berühmten 3-D-Aufrisszeichnungen, einer wetterfesten Extra-Karte zum Herausnehmen und über 350 stimmungsvollen Fotos können Sie die Stadt Ihrer Träume hautnah erleben. Dieser Reiseführer Prag ist der ultimative Begleiter für alle Kulturinteressierten!

10 Gründe, Vis-à-Vis-Reiseführer zu lieben:

1. Unverwechselbar visuelles Konzept.

2. Inspirierende Fotos versetzen direkt ans Reiseziel.

3. Einzigartige 3-D-Aufrisszeichnungen der spannendsten Bauwerke und gezeichnete Spaziergänge durch die schönsten Stadtteile.

4. Atmosphärische Themenseiten zum Reiseziel: von Kultur bis Genuss.

5. Hohe Benutzerfreundlichkeit durch klare Struktur.

6. Alle Highlights und Sehenswürdigkeiten Viertel für Viertel.

7. Detaillierte Karten mit allen vor Ort wichtigen Infos.

8. Alles Wichtige für die Reiseplanung kompakt – mit wasserfester Karte zum Herausnehmen.

9. Mehr Reisekomfort durch geringeres Gewicht und hochwertige Verarbeitung.

10. Vis-à-Vis bietet in höchster Qualität, was Reisende über Kulturgeschichte und Lebensart wissen wollen.

Reiseführer Prag – alle Buch-Highlights auf einen Blick:

• Prag wartet auf Sie: Lassen Sie sich mit dem praktischen und informativen Prag-Reiseführer zu den schönsten Erlebnissen, Attraktionen und Sehenswürdigkeiten Prags führen – vom Besuch des Kafka-Hauses, das umfassend über den weltberühmten Prager Schriftsteller informiert bis zu einer kleinen „Mini-Kreuzfahrt“ auf der Moldau.

• Die schönsten Stadtteile: Die fabelhaftesten Orte stellen sich Ihnen im Reiseführer Prag Viertel für Viertel in ihrer gesamten Pracht vor – mit fundierten und qualitativen Inhalten sowie unvergesslichen Highlights aus Kultur und Alltag. Von der Neustadt mit vielen historischen Plätzen wie dem geschäftigen Wenzelsplatz über die historische Altstadt bis zum Hradschin mit hübschen Geschäften und engen Gassen. Spannende Ausflugstipps nehmen Sie auch mit in die Umgebung, wie beispielsweise in die bekannten Kurorte Karlsbad oder Marienbad.

• Das Beste für Ihren Prag Urlaub: Ob für 24 Stunden, ein Wochenende oder länger – eine Prag Reise lohnt sich! Für alle, die nur wenig Zeit haben, die Stadt zu erkunden, gibt es hier facettenreiche Prag Tipps, um das Beste aus ihrem Kurztrip herauszuholen: So führt der Tourenvorschlag „1 Tag in Prag“ beispielsweise von einem der schönsten mittelalterlichen Plätze Europas, dem Altstädter Ring, über die Karlsbrücke zum pompösen Wachwechsel auf der Prager Burg. Den Abend lassen Sie in einem Jazzclub wie dem berühmten Reduta ausklingen, in dem auch schon Bill Clinton jammte.

• Handgezeichnete 3-D-Aufrisszeichnungen: Absolute Highlights eröffnen die Stadtteilkapitel. Das Besondere: Statt sie nur zu beschreiben, werden sie in diesem Prag-Reiseführer großzügig in Szene gesetzt – mit sensationellen 3-D-Aufrisszeichnungen, die jedes Detail aus der Vogelperspektive zeigen. Sie bieten ganz neue und einmalige Einblicke in Prags Sehenswürdigkeiten – vom Nationaltheater bis zum Veitsdom.

• Ausgewählte Top-Themen: Auf den bildgewaltigen Themenseiten des Prag-Reiseführers stehen charakteristische Besonderheiten im Fokus. Entdecken Sie die großartige Brautradition des Landes, Prags einzigartige Architekturgeschichte, Kunst aus allen Epochen und vieles mehr.

• Unvergessliche Spaziergänge: Entlang der beeindruckendsten Sehenswürdigkeiten Prags spazieren und dabei alles Wichtige über Kirchen, Schlösser, Museen oder Plätze erfahren: Handgezeichnete Spaziergänge nehmen Sie mit auf eine erlebnisreiche Route – zum Beispiel durch die Josefstadt, dem ehemaligen jüdischen Ghetto, oder entlang der Ufer der Kleinseite.

• Inspirierende Fotografien: Ob traumhafte Fassaden der unterschiedlichsten Baustile, mittelalterliche Gassen oder quirliges Stadtleben: Atmosphärische Sehnsuchtsbilder wecken Ihr Fernweh! Dank der wunderschönen und faszinierenden Fotos bringt Sie dieser Prag-Reiseführer gedanklich schon beim Durchblättern direkt ans Reiseziel.

• Hohe Benutzerfreundlichkeit: Detaillierte, übersichtliche und große Karten ermöglichen es Ihnen, sich vor Ort zu orientieren. Sie weisen bereits auf einen Blick den Weg zu Restaurants, Hotels, Shops oder Sehenswürdigkeiten. Auch dank des Metro-Fahrplans navigieren Sie sich ganz einfach durch Ihr Abenteuer. Mit einer wetterfesten Extra-Karte zum Herausnehmen hält Sie selbst bei schlechtem Wetter nichts vom Sightseeing in Prag ab.

• Praktische Reiseplanung: Im Reiseführer Prag finden Sie zusätzlich nützliche Informationen zu Themen wie Anreise, Gesundheit oder Mobilität vor Ort – und zwar übersichtlich auf einen Blick.

• Passt in jeden Rucksack: Ihr formschöner und hochwertiger Prag-Reiseführer ist ein echtes Leichtgewicht und lässt sich deshalb prima mitnehmen.

Sie sind auf der Suche nach Tipps für Ihren Urlaub in Prag? Jetzt einfach den DK Vis-à-Vis Reiseführer Prag aufschlagen und eintauchen – er entführt Sie mitten hinein ins Reiseziel.

</marc:subfield>
   </marc:datafield>
   <marc:datafield ind1=" " ind2=" " tag="020">
      <marc:subfield code="a">9783734202605</marc:subfield>
      <marc:subfield code="9">9783734202605</marc:subfield>
   </marc:datafield>
   <marc:datafield ind1=" " ind2=" " tag="020">
      <marc:subfield code="a">3734202604</marc:subfield>
      <marc:subfield code="9">3734202604</marc:subfield>
   </marc:datafield>
   <marc:datafield ind1=" " ind2=" " tag="041">
      <marc:subfield code="a">ger</marc:subfield>
   </marc:datafield>
   <marc:datafield ind1=" " ind2=" " tag="300">
      <marc:subfield code="a">224 Seiten in 1 Teil</marc:subfield>
   </marc:datafield>
</marc:record>
